000
00297nam a22001337a 4500
008
170825b xxu||||| |||| 00| 0 eng d
020
_a
2900495095803
041
_a
eng
080
_2
12TH
_a
070
100
_a
39
101
_a
MED
245
_a
LOOKING OUT LOOKING IN
_c
ADLER,R.B
942
_2
udc
_c
BK
999
_c
24991
_d
24991